Sports Quiz

Random Sports or MLB Quiz

MLB Teams Backwards Quiz Stats

Quiz Updated Mar 2, 2016

Challenge
Share
Tweet
Embed
Score 0/30 Timer 01:30
0 Plays Today
Backwards team name Forwards team name % Correct
xos derRed Sox
89.2%
syarRays
89%
stemMets
88.9%
sderReds
88.7%
srewerbBrewers
88.6%
xos etihwWhite Sox
88.6%
sniwtTwins
88.6%
sbucCubs
88.5%
seillihpPhillies
88.5%
sregdodDodgers
88.4%
syaj eulbBlue Jays
88.4%
sregitTigers
88.3%
serdapPadres
88.1%
sevarbBraves
88.1%
slayorRoyals
88%
Backwards team name Forwards team name % Correct
seeknayYankees
87.9%
sregnarRangers
87.9%
snaidniIndians
87.9%
sreniramMariners
87.9%
seloiroOrioles
87.8%
snilramMarlins
87.7%
slegnaAngels
87.6%
stnaigGiants
87.6%
skcabdnomaidDiamondbacks
87.5%
setaripPirates
87.4%
slanidracCardinals
87.2%
sortsaAstros
87.1%
slanoitanNationals
87.1%
seikcorRockies
87%
scitelhtaAthletics
85%

You're not logged in!

Compare scores with friends on all Sporcle quizzes.
Sign Up with Email
OR
Log In

You Might Also Like...

Show Comments

Extras

Top Quizzes Today


Score Distribution

Your Account Isn't Verified!

In order to create a playlist on Sporcle, you need to verify the email address you used during registration. Go to your Sporcle Settings to finish the process.